Venezuela

Furkejuvvon:
Bibliográfalaš dieđut
Váldodahkki: Dalton, Leonard V (Dahkki)
Materiálatiipa: Girji
Giella:eaŋgalasgiella
Almmustuhtton: Londres T. Fisher Unwin 1912
Fáttát:
Fáddágilkorat: Lasit fáddágilkoriid
Eai fáddágilkorat, Lasit vuosttaš fáddágilkora!

MARC

LEADER 00000nam a2200000 a 4500
001 UCO4134
003 CL-VaPUC
008 000728e19120000UK |||||||||||||||||eng|d
082 0 4 |a 987  |b DAL  |2 21 
100 0 |a Dalton, Leonard V  |e author  |9 448311 
245 1 0 |a Venezuela 
300 |a 320 p 
942 |c BK 
945 |d 20000728 00:00:00  |a crobeson 
260 |a Londres  |b T. Fisher Unwin  |c 1912 
650 0 |a Historia de Venezuela  |9 446382 
650 7 |a DESCUBRIMIENTO  |2 CL-VaPUC  |9 321428 
650 0 |a Conquista  |9 339504 
650 0 |a Independencia   |9 344246 
650 0 |a República  |9 310048 
650 0 |a Geografía  |9 259346 
650 0 |a Población  |9 257577 
651 0 |a Venezuela  |9 254993 
583 |a last modification  |c 20000728 00:00:00  |k Rodrigo Vera 
999 |c 290215  |d 290213 
952 |0 0  |1 0  |4 0  |6 987_000000000000000_DAL_1912  |7 0  |8 X  |9 339502  |a BIBHIS  |b BIBHIS  |d 2019-11-20  |i 121084K  |o 987 DAL 1912  |p 121084K  |r 2024-01-30  |w 2019-11-20  |y BK_X  |k HIS